Обрученные. Часть 2 (Запись № 4624786)

Подробности
000 -МАРКЕР
контрольное поле 01622nam2a22003011 4500
001 - ИДЕНТИФИКАТОР ЗАПИСИ
контрольное поле v19\rc\1335773
005 - ИДЕНТИФИКАТОР ВЕРСИИ
контрольное поле 20260122124513.0
035 ## - ДРУГИЕ СИСТЕМНЫЕ НОМЕРА
Идентификатор записи (NLR Aleph) 004485400
100 ## - ДАННЫЕ ОБЩЕЙ ОБРАБОТКИ
Данные общей обработки 20060512d1854 u y0rusy50 ca
101 1# - ЯЗЫК РЕСУРСА
Язык текста, звукозаписи и т.д. русский
Язык оригинала итальянский
102 ## - СТРАНА ПУБЛИКАЦИИ ИЛИ ПРОИЗВОДСТВА
Страна публикации Российская Федерация
105 ## - ПОЛЕ КОДИРОВАННЫХ ДАННЫХ: ТЕКСТОВЫЕ МАТЕРИАЛЫ, МОНОГРАФИЧЕСКИЕ
Кодированные данные о монографическом текстовом документе y z |||||
200 0# - ЗАГЛАВИЕ И СВЕДЕНИЯ ОБ ОТВЕТСТВЕННОСТИ
Основное заглавие Часть 2
215 ## - ФИЗИЧЕСКАЯ ХАРАКТЕРИСТИКА
Специфическое обозначение материала и объем [2], 140 с.
225 1# - СЕРИЯ
Основное заглавие серии Библиотека романов, повестей, путешествий и записок, издаваемая Н.Н. Улитиным
Обозначение тома Вып. 7, т. 2
461 #0 - УРОВЕНЬ НАБОРА
Встроенное поле 001v19\rc\1335771
-- 2001#$aОбрученные$eМедиоланская быль XVIII [!XVII] столетия, найденная и переделанная Александром Манзони$fперевод с итальянского В. С. Межевича$vЧасть 2
-- 700#1$aМандзони$bА.$f1785-1873$gАлессандро$3RU\NLR\AUTH\7785083
Системный номер (АБИС) связанной записи 4624778
Автор Мандзони, А. (1785-1873)
Место публикации Москва
Дата публикации 1854
Первые сведения об ответственности перевод с итальянского В.С. Межевича
Имя издателя, распространителя и т.д. В Университетской типографии
Сведения, относящиеся к заглавию Медиоланская быль XVIII [!XVII] столетия, найденная и переделанная Александром Манзони : [ч. 1-4]
Физическая характеристика 4 т.
Заглавие Обрученные
Номер тома Часть 2
801 #0 - ИСТОЧНИК ЗАПИСИ
Страна Российская Федерация
Организация NLR
Правила каталогизации psbo
801 #0 - ИСТОЧНИК ЗАПИСИ
Страна Российская Федерация
Организация RuMoRGB
Источник данных psbo
801 #1 - ИСТОЧНИК ЗАПИСИ
Страна Российская Федерация
Организация ProSoft-M
Источник данных rusmarc
852 ## - МЕСТОНАХОЖДЕНИЕ И ШИФР ХРАНЕНИЯ
Идентификатор организации NLR
Шифр хранения (Call Number) 18.226.2.38(2)
852 ## - МЕСТОНАХОЖДЕНИЕ И ШИФР ХРАНЕНИЯ
Идентификатор организации NLR
Шифр хранения (Call Number) 18.266.4.43(2)
899 ## - ДАННЫЕ О МЕСТОНАХОЖДЕНИИ (устаревшее)
Местонахождение RuMoRGB
Шифр хранения P 18/45
899 ## - ДАННЫЕ О МЕСТОНАХОЖДЕНИИ (устаревшее)
Местонахождение RuMoRGB
Шифр хранения P 27/277
899 ## - ДАННЫЕ О МЕСТОНАХОЖДЕНИИ (устаревшее)
Местонахождение БАН
942 ## - ДОПОЛНИТЕЛЬНЫЕ ЭЛЕМЕНТЫ ЗАПИСИ (АБИС)
Тип экземпляра АБИС Книга
980 ## - КОЛЛЕКЦИЯ
Название коллекции Национальная библиография
Экземпляры
Тип экземпляра Дата поступления Библиотека постоянного хранения Библиотека текущего хранения Место хранения Шифр хранения Штрих-код Статус экземпляра
Книга 26.10.2013 РНБ (Садовая) РНБ (Садовая) Русский книжный фонд -Главное здание, Ленинский читальный зал 18.226.2.38(2) 1-4107437  
Книга 26.10.2013 РНБ (Садовая) РНБ (Садовая) Русский книжный фонд -Главное здание, Ленинский читальный зал 18.266.4.43(2) 4485400-20